| 000 | 00497nam a2200169Ia 4500 | ||
|---|---|---|---|
| 003 | OSt | ||
| 005 | 20200608132129.0 | ||
| 008 | 190216s9999||||xx |||||||||||||| ||und|| | ||
| 040 | _coclc | ||
| 082 |
_a342.42 _bJEN/B |
||
| 100 |
_aJennings, S Ivor _92629 |
||
| 245 | 4 |
_aThe British Constitution / _cS Ivor Jenning |
|
| 250 | _a4th Ed. | ||
| 260 |
_bThe English Language Book Society, _c1963. _aLondon: |
||
| 300 | _a210p | ||
| 942 |
_cBK _2ddc _h342.42 _iJEN/B _k342.42 _mJEN/B |
||
| 999 |
_c18660 _d18660 |
||